000 00289nam a22001217a 4500
008 160421b xxu||||| |||| 00| 0 eng d
020 _a9780838581681
020 _a0838581684
041 _aeng
080 _a618.2
245 _aPediatric nursing:
_cCathleen M. Homrighaus;
942 _2udc
_cBK
999 _c1497
_d1497